03292nam a2200577Ia 45000010005000000080041000050100009000460410014000550820030000692450262000992600018003613000007003795200006003866300030003926300016004226300030004386300033004686300027005016500048005286900014005767000032005907000039006227000036006617000032006979010084007299020006008139030071008199040018008909050027009089060006009359070014009419080014009559090051009699100015010209110010010359120014010459130009010599140029010689150009010979160009011069170009011159180025011249190033011495201473011829210007026559220007026629230006026699240014026759420010026899990015026992098241029s9999 xx 000 0 und d a1964 aEspañol aST, MA-TE, 0005, FH, 2004 0aLa tecnología educativa y los medios tecnológicos utilizados en el aprendizaje del Nivel Superior en la Universidad Autónoma de Santo Domingo: Casos de la Facultad de Ciencias Jurídicas y Políticas y la de Ciencias. UASD, Semestres 2003-2 y 2004-1 aSanto Domingo a58 a1 aAprendizaje Significativo aEducación aEstrategia de Aprendizaje aMejoramiento del Aprendizaje aTecnología Educativa aEjes Transversales (Ciencia y Tecnología) aElaborado easesoraAguasvivas, Rafael  eautoraArias Fuentes, Juan Anselmo eautoraPeña Geraldino, Rafael easesoraRodríguez , Juan  a{"1":"Arias Fuentes","2":"Peña Geraldino"}b{"1":"Juan Anselmo","2":"Rafael"} a2 a{"1":"Rodríguez ","2":"Aguasvivas"}b{"1":"Juan ","2":"Rafael "} aMaestría en aTecnología Educativa a2 aNO APLICA aNO APLICA aUniversidad Autónoma de Santo Domingo (UASD) aNULLbNULL a["1"] aNO APLICA aNULL a01 de Septiembre de 2004 aNULL aNULL aNULL aEducación especial a["20","72","93","138","191"] aEl estudio se planteó como objetivo principal determinar el uso e importancia que se le asigna a la tecnología educativa y los medios tecnológicos utilizados en el aprendizaje del Nivel Superior en la Universidad Autónoma de Santo Domingo, casos específicos de las Facultades de Ciencias Jurídicas y Políticas y la de Ciencias, Semestres 2003-2 y 2004-1.Para esta investigación se utilizaron diferentes métodos combinados: inductivo, deductivo, analítico, comparativo e interpretativo; para la implementación de estos se hizo uso de diversas técnicas de recolección de información y datos, como la observación directa, investigación documental, encuestas, entre otras. En cuanto al universo, este estuvo compuesto por profesores de los/as estudiantes de ambas facultades, en total 11,322 estudiantes y 150 profesores, en tanto que la muestra fue de 1,080 estudiantes y 40 profesores.Entre los principales resultados se destaca que el profesorado desconoce el concepto y los principios de la tecnología educativa, y los equipos tecnológicos tienen poca presencia en el proceso de aprendizaje.Dentro de las recomendaciones propuestas se encuentran: diseñar e implementar programas sobre el concepto y los principios de la tecnología educativa para dar entrenamiento al profesorado, que la universidad elabore y ejecute un programa de dotación y actualización de equipos tecnológicos, que coadyuven al proceso de aprendizaje. a16 a16 a0 aNO APLICA cTesis c1964d1964